Artie Van Blarcum : an extended portrait /

Bibliographic Details
Main Author: Tice, George A.
Other Authors: Van Blarcum, Artie
Format: Book
Language:English
Published: Danbury, N.H. : Addison House, [1977]
Subjects:

MARC

Tag First Indicator Second Indicator Subfields
LEADER 00000cam a2200000 i 4500
001 in00000099365
005 20150926125604.0
008 780215s1977 nhua 00010beng d
010 |a  77076761  
020 |a 0891690182 (pbk. :)  |c $5.95. 
035 |a (OCoLC)03640048 
035 |9 AAL3786AM 
040 |a TXG  |c TXG  |d TXA  |d UtOrBLW 
049 |a TXAM  |c [1558441] 
090 |a TR680  |b .T5 
100 1 |a Tice, George A. 
245 1 0 |a Artie Van Blarcum :  |b an extended portrait /  |c by George A. Tice. 
264 1 |a Danbury, N.H. :  |b Addison House,  |c [1977] 
264 4 |c ©1977 
300 |a 96 pages :  |b illustrations ;  |c 22 cm. 
336 |a text  |b txt  |2 rdacontent 
337 |a unmediated  |b n  |2 rdamedia 
338 |a volume  |b nc  |2 rdacarrier 
600 1 0 |a Van Blarcum, Artie. 
650 0 |a Portrait photography. 
700 1 |a Van Blarcum, Artie. 
999 |a MARS 
999 f f |s ea86f17e-f403-323c-ae4e-7220fc3ef4ab  |i 23a3e8e3-0996-329c-b42d-cdaaed3485c3  |t 0 
952 f f |p ric  |a Texas A&M University  |b Rellis Campus  |c Joint Library Facility  |d Remote Storage  |t 0  |e TR680 .T5  |h Library of Congress classification  |i unmediated -- volume  |m A14805630174 
998 f f |a TR680 .T5  |t 0  |l Remote Storage